Writing in times of displacement : (Record no. 1233935)
[ view plain ]
| 000 -LEADER | |
|---|---|
| fixed length control field | 01980nam a2200277Ia 4500 |
| 003 - CONTROL NUMBER IDENTIFIER | |
| control field | OSt |
| 005 - DATE AND TIME OF LATEST TRANSACTION | |
| control field | 20250530144704.0 |
| 008 - FIXED-LENGTH DATA ELEMENTS--GENERAL INFORMATION | |
| fixed length control field | 241129s9999||||xx |||||||||||||| ||und|| |
| 020 ## - INTERNATIONAL STANDARD BOOK NUMBER | |
| International Standard Book Number | 9781032667874 |
| 040 ## - CATALOGING SOURCE | |
| Original cataloging agency | SDCL |
| Language of cataloging | eng |
| Transcribing agency | SDCL |
| 041 ## - LANGUAGE CODE | |
| Language code of text/sound track or separate title | eng |
| Source of code | eng |
| 084 ## - COLON CLASSIFICATION NUMBER | |
| Classification number | Y R4 |
| Assigning agency | SDCL |
| 245 #0 - TITLE STATEMENT | |
| Title | Writing in times of displacement : |
| Remainder of title | The existential and other discourses |
| 260 ## - PUBLICATION, DISTRIBUTION, ETC. | |
| Place of publication, distribution, etc. | London : |
| Name of publisher, distributor, etc. | Routledge, |
| Date of publication, distribution, etc. | 2024. |
| 300 ## - PHYSICAL DESCRIPTION | |
| Extent | xvi, 266p. |
| 365 ## - TRADE PRICE | |
| Price type code | INR |
| Price amount | 1295 |
| 520 ## - SUMMARY, ETC. | |
| Summary, etc. | This book presents diverse, composite, non-exclusive and non-hierarchical perspectives on displacement of people as represented in literature. It examines the experiences of migration as a result of wars, natural disasters, religious strife, loss of livelihoods and shifts in local and global economies and the vulnerabilities they expose.<br/><br/>Bringing together scholarly insights into literature about displacement and migration from Africa, Europe, Asia, and the Middle East, the book interrogates the development frames of Western modernity and situates displacement within the discourse of disenfranchisement of citizens by nation-states. It explores the experiences, memories and expressions of displacement in literature and how literary works critique ethical and moral responsibilities of states and communities that often do not account for the loss which displacement causes to the health, education, career, or relationships of displaced people.<br/><br/>The volume will be of great interest to scholars and researchers of literature, philosophy, migration and diaspora studies, development studies, African studies and Asian studies. |
| 650 ## - SUBJECT ADDED ENTRY--TOPICAL TERM | |
| Topical term or geographic name entry element | Social Science / Emigration & Immigration |
| 9 (RLIN) | 811214 |
| 650 ## - SUBJECT ADDED ENTRY--TOPICAL TERM | |
| Topical term or geographic name entry element | Social Science / Ethnic Studies / General |
| 9 (RLIN) | 811215 |
| 650 ## - SUBJECT ADDED ENTRY--TOPICAL TERM | |
| Topical term or geographic name entry element | Social Science / Regional Studies |
| 9 (RLIN) | 811216 |
| 700 ## - ADDED ENTRY--PERSONAL NAME | |
| Personal name | Mbuh, Mbuh Tennu |
| 9 (RLIN) | 811217 |
| 700 ## - ADDED ENTRY--PERSONAL NAME | |
| Personal name | Chakravorty, Meera |
| 9 (RLIN) | 26184 |
| 700 ## - ADDED ENTRY--PERSONAL NAME | |
| Personal name | Clammer, John |
| 942 ## - ADDED ENTRY ELEMENTS (KOHA) | |
| Koha item type | Textual |
| Source of classification or shelving scheme | Colon Classification (CC) |
| Suppress in OPAC | No |
| Withdrawn status | Lost status | Source of classification or shelving scheme | Damaged status | Not for loan | Home library | Current library | Date acquired | Source of acquisition | Total Checkouts | Full call number | Barcode | Date last seen | Price effective from | Koha item type |
|---|---|---|---|---|---|---|---|---|---|---|---|---|---|---|
| Colon Classification (CC) | South Campus Library | South Campus Library | 2024-11-29 | Classic Book Service | Y R4 | SC1690374 | 2024-11-29 | 2024-11-29 | Textual |
